Método para definir la magnitud y variación periódica del bono de vivienda

সংরক্ষণ করুন:
গ্রন্থ-পঞ্জীর বিবরন
প্রধান লেখক: Gutiérrez Hernández, Eduardo
বিন্যাস: গ্রন্থ
প্রকাশিত: San José, C.R. 2001
বিষয়গুলি:
ট্যাগগুলো: ট্যাগ যুক্ত করুন
কোনো ট্যাগ নেই, প্রথমজন হিসাবে ট্যাগ করুন!

MARC

LEADER 00000nam a2200000Ia 4500
003 008653
005 20221231144205.0
008 140114s2001 cr a m 000 ||s d
040 |c cru CEDI 
090 |a TFG 4261 
100 |a Gutiérrez Hernández, Eduardo   |9 7965 
245 |a Método para definir la magnitud y variación periódica del bono de vivienda  
260 |c 2001  |a  San José, C.R. 
300 |a 90 hojas : ilustraciones, planos  
500 |a Proyecto de graduación (licenciatura en ingeniería civil)--Universidad de Costa Rica. Facultad de Ingeniería. Escuela de Ingeniería Civil 
650 |x BONOS HIPOTECARIOS   |x POLITICA DE VIVIENDA   |x VIVIENDA   |x ASPECTOS SOCIOECONOMICOS   |x  PROBLEMAS  |9 7966 
942 |c TFG 
999 |c 18199  |d 18199